| 000 | 00395cam a2200157ua 4500 | ||
|---|---|---|---|
| 041 |
_aeng _h |
||
| 082 |
_a828.09 _bDAN/AP |
||
| 100 | _aDanby, John F . | ||
| 245 |
_aApproach to poetry / _cJohn F Danby. _hTextual Documents |
||
| 260 |
_aLondon : _bHeinemann Educational Books Ltd. , _c1967. |
||
| 300 | _a122 ; . | ||
| 504 | _a | ||
| 942 | _cBK | ||
| 999 |
_c3931 _d3931 |
||